Planning Focus Groups: (Record no. 1905)

MARC details
000 -LEADER
fixed length control field 01601cam a2200313 a 4500
001 - CONTROL NUMBER
control field 1180735
003 - CONTROL NUMBER IDENTIFIER
control field OSt
005 - DATE AND TIME OF LATEST TRANSACTION
control field 20150527164115.0
008 - FIXED-LENGTH DATA ELEMENTS--GENERAL INFORMATION
fixed length control field 970618s1998 caua b 001 0 eng
010 ## - LIBRARY OF CONGRESS CONTROL NUMBER
LC control number 97021135
020 ## - INTERNATIONAL STANDARD BOOK NUMBER
International Standard Book Number 076190817x
040 ## - CATALOGING SOURCE
Original cataloging agency DLC
Transcribing agency DLC
Modifying agency DLC
050 00 - LIBRARY OF CONGRESS CALL NUMBER
Classification number H61.28
Item number .F63 1998
082 00 - DEWEY DECIMAL CLASSIFICATION NUMBER
Classification number 001.433 MOR 1998
Edition number 21
100 ## - MAIN ENTRY--PERSONAL NAME
Personal name Morgan David L.
9 (RLIN) 5009
245 00 - TITLE STATEMENT
Title Planning Focus Groups:
Remainder of title Focus group kit 2/
Statement of responsibility, etc. David L Morgan
260 ## - PUBLICATION, DISTRIBUTION, ETC. (IMPRINT)
Place of publication, distribution, etc. Thousand Oaks, Calif. :
Name of publisher, distributor, etc. SAGE Publications,
Date of publication, distribution, etc. c1998.
300 ## - PHYSICAL DESCRIPTION
Extent xiii, 139 p :. :
Other physical details ill. ;
Dimensions 26 cm.
504 ## - BIBLIOGRAPHY, ETC. NOTE
Bibliography, etc Includes bibliographical references and indexes.
505 0# - FORMATTED CONTENTS NOTE
Formatted contents note 1. The focus group guidebook / David L. Morgan -- 2. Planning focus groups / David L. Morgan with Alice U. Scannell -- 3. Developing questions for focus groups / Richard A. Krueger -- 4. Moderating focus groups / Richard A. Krueger -- 5. Involving community members in focus groups / Richard A. Krueger, Jean A. King -- 6. Analyzing & reporting focus group results / Richard A. Krueger.
650 #0 - SUBJECT ADDED ENTRY--TOPICAL TERM
Topical term or geographic name as entry element Focus groups.
9 (RLIN) 5010
700 1# - ADDED ENTRY--PERSONAL NAME
Personal name .
9 (RLIN) 5011
856 42 - ELECTRONIC LOCATION AND ACCESS
Materials specified Publisher description
Uniform Resource Identifier <a href="http://www.loc.gov/catdir/enhancements/fy0656/97021135-d.html">http://www.loc.gov/catdir/enhancements/fy0656/97021135-d.html</a>
856 41 - ELECTRONIC LOCATION AND ACCESS
Materials specified Table of contents only
Uniform Resource Identifier <a href="http://www.loc.gov/catdir/enhancements/fy0656/97021135-t.html">http://www.loc.gov/catdir/enhancements/fy0656/97021135-t.html</a>
856 42 - ELECTRONIC LOCATION AND ACCESS
Materials specified Contributor biographical information
Uniform Resource Identifier <a href="http://www.loc.gov/catdir/enhancements/fy0829/97021135-b.html">http://www.loc.gov/catdir/enhancements/fy0829/97021135-b.html</a>
906 ## - LOCAL DATA ELEMENT F, LDF (RLIN)
a 7
b cbc
c orignew
d 1
e ocip
f 19
g y-gencatlg
942 ## - ADDED ENTRY ELEMENTS (KOHA)
Source of classification or shelving scheme Other/Generic Classification Scheme
Koha item type Short Loan
Holdings
Withdrawn status Lost status Source of classification or shelving scheme Damaged status Not for loan Home library Current library Date acquired Source of acquisition Inventory number Total Checkouts Full call number Barcode Date last seen Price effective from Koha item type
    Other/Generic Classification Scheme     MUST Main Library MUST Main Library 27/05/2015 Purchase 2003/19801   001.433 MOR 1998 2015-1636 27/05/2015 27/05/2015 Short Loan